000 00445nam a2200169Ia 4500
008 180921t2018 xxu||||| |||| 00| 1 sin d
041 _asin
080 _aX8C31
_bWED
100 _aWediwardane, Manjula
245 _aපැරිස් වලාකුළු
246 _aParis Walakulu
260 _bVidarshana Publishers
_aDehiwala
_c2018
300 _a342p., 21cm
942 _cBK
999 _c8215
_d8215
003 LK-CoDNM
040 _aLK-CoDNM
_dLK-CoDNM
_eLK-CoDNM